000 00997nam a22003017a 4500
003 URS
005 20260405122923.0
008
020 _a978-1-265-25317-2
040 _cURS
_bEnglish
_erda
050 0 0 _aQP34.5
_b.V349 2025
100 _aVanPutte, Cinnamon,
_eauthor.
_96608
245 0 0 _aSeeley's essentials of anatomy & physiology /
_cCinnamon VanPutte, Jennifer Regan, Andrew Russo.
250 _a12th edition.
264 _aNew York :
_bMcGraw-Hill,
_c©2025.
300 _a752 pages :
_billustrations ;
_c28 cm.
336 _2rdacontent
_atext
_btxt
337 _2rdamedia
_aunmediated
_bn
338 _2rdacarrier
_avolume
_bnc
650 0 _aHuman anatomy.
_91280
650 0 _aHuman physiology.
_91281
650 0 _aHuman body.
_96609
700 _aRegan, Jennifer,
_eauthor.
_96610
700 _aRusso, Andrew,
_eauthor.
_96611
730 0 _aFundamentals of nursing.
856 4 1 _3Table of contents only
_uhttp://www.loc.gov/catdir/toc/ecip0620/2006029312.html
942 _2lcc
_cR
999 _c88716
_d88713